000 00415nam a22001577a 4500
020 _a8181110900
082 _aH100 7
_bPAS/A
100 _aPasupathinath Upadhyaya
245 _aAapatkalothar hindi kavitha/
_cby Pasupathinath Upadhyaya
260 _aMadhura:
_bJawahar Pusthakalay,
_c2008.
300 _a223p.
650 _aPoetry Hindi Study
650 _aLiterature Hindi
650 _aLiterature
942 _cBK
999 _c59033
_d59033